Statistiques concernant Anatomie d'un appareil photo

Cliquez ici pour prendre le quiz!

Statistiques générales

  • Ce quiz a été pris 64 fois
  • Le résultat moyen est 15 sur 35

Statistiques - réponses

Type de quizNom% Correct
ObjectifLentilles
95%
ObjectifZoom
75%
NumériqueFlash
68%
ArgentiqueFlash
68%
ArgentiquePellicule
68%
ArgentiqueCompteur de vues (place sur la pellicule)
59%
ArgentiqueMolettes de réglages (Vitesse d'obturation, ouverture, ISO)
59%
NumériqueMolettes de réglages (Vitesse d'obturation, ouverture, ISO)
59%
ArgentiqueCompartiment à pellicule
58%
ArgentiqueDéclencheur
51%
NumériqueDéclencheur
51%
NumériqueÉcran
51%
ArgentiqueBouton On/Off
49%
NumériqueBouton On/Off
49%
ObjectifBague de mise au point
47%
NumériqueBatterie/Piles
47%
NumériqueBoîtier
47%
ArgentiqueBoîtier
47%
ArgentiqueBatterie/Piles
46%
ArgentiqueViseur et prisme de visée
41%
NumériqueViseur et prisme de visée
41%
ArgentiqueDiaphragme
39%
ObjectifDiaphragme
39%
NumériqueDiaphragme
39%
ArgentiqueObturateur
36%
NumériqueObturateur
36%
NumériqueCellule photosensible (mesure de l'exposition)
34%
ArgentiqueCellule photosensible (mesure de l'exposition)
34%
NumériqueCapteur numérique
32%
NumériqueMiroir basculant
24%
ArgentiqueMiroir basculant
24%
NumériqueMicrophone
12%
NumériqueHaut parleur
7%
ArgentiqueLevier d'avancement
3%
ArgentiqueLevier de rembobinage
2%

Distribution des résultats

Percentile par nombre de réponses

% des personnes avec chaque résultat

Votre développement - résultats

Vous n’avez pas pris ce quiz